• 首页
  • 本馆介绍
  • 公告通知
  • 最新文献
  • 馆藏检索
  • 电子资源
  • 读者导购
  • 参考咨询
  • 我的图书馆
  • 登录
  • 详细信息显示
  • 放入我的书架
  • 预约/预借图书
  • 作者相关作品
  • 分类相关作品
  • 丛书相关作品
  • 出版社相关作品

书目信息

  • 表格格式
  • 工作单格式
  • 卡片格式
题名:
电子生肖连连看
    
 
作者: 杨琳 , 张丽荣 编著
分册:  
出版信息: 北京   清华大学出版社  2017.01
页数: 104页
开本: 26cm
丛书名:
单 册:
中图分类: TN-49
科图分类:
主题词: 电子器件--制作--基本知识
电子资源:
ISBN: 978-7-302-45135-8
000 01076nam0 2200277 450
001 0120172138461
005 20170418142805.90
010    @a978-7-302-45135-8@dCNY36.00
100    @a20170309d2017 em y0chiy50 ea
101 0  @achi
102    @aCN@b110000
105    @aa z 000yy
106    @ar
200 1  @a电子生肖连连看@9dian zi sheng xiao lian lian kan@e趣味十足的电路学@f杨琳,张丽荣编著
210    @a北京@c清华大学出版社@d2017.01
215    @a104页@c图@d26cm
300    @a创客教育
330    @a本书介绍了铝箔电路的使用方法,通过讲解十二生肖的有趣来历和每种生肖的特异功能,采用循序渐进的电路试验,使学生们认识串联电路和并联电路,了解其基本元件的特征,锻炼学生们的实际连接电路能力;通过“创客秀”为中小学生提供高层次的小制作、小发明电子技术手段。
333    @a本书可作为初学者的参考书
517 1  @a趣味十足的电路学@9qu wei shi zu de dian lu xue
606 0  @a电子器件@x制作@x基本知识
690    @aTN-49@v5
701  0 @a杨琳@9yang lin@4编著
701  0 @a张丽荣@9zhang li rong@4编著
801  0 @aCN@b人天书店@c20170309
905    @b984569-72@dTN-49@e112@f4
    
    电子生肖连连看:趣味十足的电路学/杨琳,张丽荣编著.-北京:清华大学出版社,2017.01
    104页:图;26cm
    创客教育.-使用对象:本书可作为初学者的参考书
    
    ISBN 978-7-302-45135-8:CNY36.00
    本书介绍了铝箔电路的使用方法,通过讲解十二生肖的有趣来历和每种生肖的特异功能,采用循序渐进的电路试验,使学生们认识串联电路和并联电路,了解其基本元件的特征,锻炼学生们的实际连接电路能力;通过“创客秀”为中小学生提供高层次的小制作、小发明电子技术手段。
●
相关链接 在E读中查询图书 在五车中查询图书 在当当中查询图书 在豆瓣中查询图书


正题名:电子生肖连连看     索取号:TN-49/112         预约/预借

序号 登录号 条形码 馆藏地/架位号 状态 备注
1 984569   209845694   第二样本阅览室/ [索取号:TN-49/112] 在馆    
2 984570   209845701   第三借阅区/ [索取号:TN-49/112] 在馆    
3 984571   209845710   第三借阅区/ [索取号:TN-49/112] 在馆    
4 984572   209845729   第三借阅区/ [索取号:TN-49/112] 在馆    
欢迎您!
大连网信软件有限公司© 版权所有